[Event "AUTO-INT-3920"]
[Site "http://www.queenalice.com/game.php?id=1860708"]
[Date "2025.7.28"]
[Round "2"]
[White "Erlofabr"]
[Black "poeleabois"]
[Result "1-0"]
[WhiteElo "1569"]
[BlackElo "1618"]

1. d4 d5 2. c4 e6 3. Nf3 Nf6 4. Nc3 h6 5. c5 Nc6 6. Bf4 a6 7. Ne5 Bd7 8. Qc2 Be7
9. Ng6 fxg6 10. Qxg6+ Kf8 11. e4 Qe8 12. Qg3 Nxd4 13. O-O-O c6 14. Rxd4 Bxc5 15.
Bd6+ Bxd6 16. Qxd6+ 1-0

[Event "AUTO-INT-3920"]
[Site "http://www.queenalice.com/game.php?id=1860709"]
[Date "2025.7.28"]
[Round "2"]
[White "poeleabois"]
[Black "Erlofabr"]
[Result "0-1"]
[WhiteElo "1637"]
[BlackElo "1550"]

1. e4 e5 2. Nf3 Nc6 3. d3 h6 4. Be2 g5 5. O-O g4 6. Nfd2 Bc5 7. Bxg4 h5 8. Bf3
f5 9. exf5 Nf6 10. Bxc6 dxc6 11. Qf3 O-O 12. Qg3+ Ng4 13. h3 Bxf5 14. hxg4 h4
0-1

[Event "AUTO-INT-3920"]
[Site "http://www.queenalice.com/game.php?id=1860712"]
[Date "2025.7.28"]
[Round "2"]
[White "johnew"]
[Black "poeleabois"]
[Result "1-0"]
[WhiteElo "2156"]
[BlackElo "1548"]

1. e4 e5 2. Nf3 d6 3. d4 Bg4 4. dxe5 dxe5 5. Qxd8+ Kxd8 6. Nxe5 Be6 7. Bc4 Ke7
8. Bd2 Kf6 9. Bc3 Ke7 10. Nd2 f6 11. Bb4+ Ke8 12. Bxf8 Bxc4 13. Bxg7 fxe5 14.
Nxc4 Nc6 15. Bxh8 Nd4 16. Ne3 Nc6 17. O-O-O Nge7 18. Nd5 Kd7 19. Nb6+ 1-0

[Event "AUTO-INT-3920"]
[Site "http://www.queenalice.com/game.php?id=1860713"]
[Date "2025.7.28"]
[Round "2"]
[White "poeleabois"]
[Black "johnew"]
[Result "1-0"]
[WhiteElo "1627"]
[BlackElo "1728"]

1. e4 c5 2. Nf3 Nc6 3. Nc3 e6 4. d3 g6 5. Be2 Bg7 6. Bd2 Nge7 7. O-O O-O 8. h3
d5 9. Bg5 Qc7 10. Nb5 Qd7 11. exd5 exd5 12. d4 a6 13. Nc3 cxd4 14. Bxe7 Nxe7 15.
Nxd4 Nc6 16. Nxc6 bxc6 17. Qd3 a5 18. a4 Re8 19. Rae1 Rb8 20. b3 Qc7 21. Bf3 Bf5
22. Qd2 Qb6 23. Rxe8+ Rxe8 24. g4 Bd7 25. Ne2 Qc7 26. c4 1-0

[Event "AUTO-INT-3920"]
[Site "http://www.queenalice.com/game.php?id=1860714"]
[Date "2025.7.28"]
[Round "2"]
[White "eloy"]
[Black "poeleabois"]
[Result "0-1"]
[WhiteElo "1510"]
[BlackElo "1561"]

1. e4 e5 2. Nf3 Nc6 3. Bc4 h6 4. Nc3 d6 5. h3 Nf6 6. d4 Be7 7. d5 Nd4 8. Nxd4
exd4 9. Qxd4 O-O 10. O-O c5 11. dxc6 bxc6 0-1

[Event "AUTO-INT-3920"]
[Site "http://www.queenalice.com/game.php?id=1860715"]
[Date "2025.7.28"]
[Round "2"]
[White "poeleabois"]
[Black "eloy"]
[Result "1-0"]
[WhiteElo "1546"]
[BlackElo "1525"]

1. e4 e5 2. Nf3 Nc6 3. d3 Nf6 4. h3 Bd6 5. Be2 Nh5 6. O-O h6 7. Nc3 a6 8. a3 O-O
9. Be3 b5 10. b4 Bb7 11. d4 1-0

[Event "Challenge"]
[Site "http://www.queenalice.com/game.php?id=1861209"]
[Date "2025.8.6"]
[Round "-"]
[White "Leanne"]
[Black "poeleabois"]
[Result "1-0"]
[WhiteElo "1316"]
[BlackElo "1600"]

1. e4 e5 2. d4 exd4 3. Qxd4 Nc6 4. Qe3 Nb4 5. Qe2 Nf6 6. e5 Nfd5 7. Nf3 Qe7 8.
g3 d6 9. Bg2 dxe5 10. Bd2 Nxc2+ 11. Kf1 Nxa1 12. Qe4 Nf6 13. Qe1 Nc2 14. Qe2 Bg4
15. Bg5 1-0

[Event "Challenge"]
[Site "http://www.queenalice.com/game.php?id=1861210"]
[Date "2025.8.6"]
[Round "-"]
[White "poeleabois"]
[Black "Leanne"]
[Result "0-1"]
[WhiteElo "1573"]
[BlackElo "1343"]

1. e4 c5 2. d4 e6 3. Nf3 d5 4. Bb5+ Nc6 5. Ne5 Bd7 6. exd5 exd5 7. dxc5 Nf6 8.
Qe2 Nd4 9. Nc6+ Be7 10. Nxd8 Nxe2 11. Bxe2 Rxd8 12. O-O O-O 13. Be3 Ng4 0-1

[Event "AUTO-INT-3921"]
[Site "http://www.queenalice.com/game.php?id=1864439"]
[Date "2025.10.18"]
[Round "2"]
[White "poeleabois"]
[Black "StepPhil"]
[Result "1-0"]
[WhiteElo "1633"]
[BlackElo "1597"]

1. e4 e5 2. Nf3 Qf6 3. d4 Nc6 4. d5 Nd4 5. Bg5 Nxf3+ 6. Qxf3 Qxf3 7. gxf3 f6 8.
Be3 Bb4+ 9. Bd2 Bc5 10. Nc3 a6 11. O-O-O Bxf2 12. Bd3 d6 13. Rhf1 Bd4 14. a3 Bh3
15. Rfe1 g5 16. Bf1 Bd7 17. Be3 Bxc3 18. bxc3 Ne7 19. c4 b6 20. Bg2 c5 21. Kd2
O-O 22. Ke2 h6 23. Rd2 b5 24. cxb5 axb5 25. Rd3 Ra6 26. Rb1 c4 27. Rc3 Ng6 28.
Kf2 f5 29. exf5 Bxf5 30. Rxb5 Ra4 31. Rb4 Rfa8 32. Bc1 Nf4 33. Rbxc4 Rxc4 34.
Rxc4 Nxd5 35. f4 Nxf4 36. Bxa8 Nh3+ 37. Kg3 Nf4 38. Bxf4 1-0

[Event "AUTO-INT-3921"]
[Site "http://www.queenalice.com/game.php?id=1864440"]
[Date "2025.10.18"]
[Round "2"]
[White "StepPhil"]
[Black "poeleabois"]
[Result "0-1"]
[WhiteElo "1591"]
[BlackElo "1651"]

1. e4 e5 2. Bc4 Nf6 3. Qf3 d6 4. h3 Be7 5. g4 h6 6. d3 O-O 7. g5 hxg5 8. Bxg5
Nh7 9. Be3 Nc6 10. a3 Bg5 11. h4 Bxe3 12. Qxe3 Nd4 13. Qd2 Bg4 14. Ne2 Nf3+ 15.
Kd1 Nxd2 16. Nxd2 Qf6 17. c3 Qxf2 18. Re1 a6 19. Rf1 Bxe2+ 20. Kc2 Bxf1 0-1

[Event "Challenge"]
[Site "http://www.queenalice.com/game.php?id=1867505"]
[Date "2026.1.2"]
[Round "-"]
[White "poeleabois"]
[Black "Leanne"]
[Result "1-0"]
[WhiteElo "1647"]
[BlackElo "1307"]

1. e4 e6 2. d3 d5 3. exd5 exd5 4. d4 Bb4+ 5. c3 Be7 6. Nf3 Nf6 7. h3 O-O 8. Be2
c5 9. O-O cxd4 10. Qxd4 g6 11. Bh6 1-0

[Event "AUTO-INT-3959"]
[Site "http://www.queenalice.com/game.php?id=1868930"]
[Date "2026.2.5"]
[Round "1"]
[White "ajr"]
[Black "poeleabois"]
[Result "1-0"]
[WhiteElo "1615"]
[BlackElo "1641"]

1. d4 d5 2. h3 Nc6 3. Nf3 Nf6 4. Nc3 h6 5. Ne5 Bd7 6. g4 e6 7. a3 Bd6 8. Nxd7
Qxd7 9. e3 O-O 10. b4 a6 11. Bd3 b5 12. f3 1-0

[Event "AUTO-INT-3959"]
[Site "http://www.queenalice.com/game.php?id=1868931"]
[Date "2026.2.5"]
[Round "1"]
[White "poeleabois"]
[Black "ajr"]
[Result "0-1"]
[WhiteElo "1659"]
[BlackElo "1597"]

1. e4 a6 2. d4 h6 3. d5 d6 4. Nc3 b5 5. h3 Nf6 6. Be2 Bb7 7. Nf3 g5 8. O-O Nbd7
9. a3 Bg7 10. b4 Nxe4 11. Bb2 Nxc3 12. Bxc3 Bxc3 0-1

[Event "AUTO-INT-3959"]
[Site "http://www.queenalice.com/game.php?id=1868958"]
[Date "2026.2.5"]
[Round "1"]
[White "poeleabois"]
[Black "SamuraiJOM"]
[Result "0-1"]
[WhiteElo "1688"]
[BlackElo "1712"]

1. e4 e5 2. Nf3 Nc6 3. Nc3 Nf6 4. a3 Bc5 5. h3 O-O 6. Be2 Ne7 7. Nxe5 a6 8. O-O
d6 9. Nf3 Be6 10. d4 Ba7 11. d5 Bd7 12. Bg5 c6 13. Bxf6 gxf6 14. dxc6 Bxc6 15.
Rb1 Ng6 0-1

[Event "AUTO-INT-3959"]
[Site "http://www.queenalice.com/game.php?id=1868959"]
[Date "2026.2.5"]
[Round "1"]
[White "SamuraiJOM"]
[Black "poeleabois"]
[Result "1-0"]
[WhiteElo "1727"]
[BlackElo "1673"]

1. e4 e5 2. Nf3 Nc6 3. Bc4 Nf6 4. O-O Be7 5. c3 h6 6. a3 O-O 7. d4 exd4 8. cxd4
Nxe4 9. d5 Na5 10. Ba2 b6 11. Qd3 Nc5 12. Qc2 c6 13. Nc3 Bb7 14. Be3 cxd5 15.
Bb1 g6 16. Bxh6 Re8 17. Qe2 1-0

[Event "AUTO-INT-3968"]
[Site "http://www.queenalice.com/game.php?id=1872960"]
[Date "2026.5.5"]
[Round "1"]
[White "game"]
[Black "poeleabois"]
[Result "1-0"]
[WhiteElo "1521"]
[BlackElo "1634"]

1. e4 e5 2. Nf3 d6 3. Bc4 h6 4. Nc3 Nf6 5. O-O Be7 6. d4 exd4 7. Nb5 c5 8. c3 a6
9. Na3 b5 10. Bb3 c4 11. Bc2 d3 12. Bb1 Nxe4 13. Re1 d5 14. Nd2 f5 15. Nxe4 dxe4
16. f3 Bb7 17. fxe4 fxe4 18. Rf1 Bc5+ 19. Kh1 e3 20. Qh5+ Kd7 21. Qxc5 Qe8 22.
Bxe3 Nc6 23. Qd5+ Kc7 24. Bf4+ Kb6 25. b4 a5 26. Qxb5+ Ka7 27. Nxc4 Qd8 28. Qc5+
1-0

[Event "AUTO-INT-3968"]
[Site "http://www.queenalice.com/game.php?id=1872961"]
[Date "2026.5.5"]
[Round "1"]
[White "poeleabois"]
[Black "game"]
[Result "0-1"]
[WhiteElo "1613"]
[BlackElo "1542"]

1. e4 d6 2. Nc3 Nf6 3. d4 e5 4. d5 Be7 5. h3 Na6 6. Nf3 Nc5 7. Bb5+ Bd7 8. Bd3
O-O 9. O-O c6 10. a3 cxd5 11. exd5 Qc8 12. Bg5 Bd8 13. b4 Na4 14. Nxa4 Bxa4 15.
Bxf6 Bxf6 16. Qb1 Re8 17. c4 e4 18. Ra2 exf3 19. Bxh7+ Kf8 20. Bf5 Qxc4 21. gxf3
Qxd5 22. Qd3 Qxa2 23. Qxd6+ Be7 24. Qd4 Qxa3 25. Qf4 Bb5 26. Re1 Bxb4 0-1